10 Most Mormon U.S. States - Statistics

General Stats
  • This quiz has been taken 59 times
  • The average score is 8 of 10
Answer Stats
% State % Correct
55.0 Utah
98%
3.0 Washington
91%
4.0 Oregon
89%
9.0 Wyoming
89%
19.0 Idaho
87%
4.0 Montana
87%
5.0 Arizona
85%
4.0 Nevada
83%
5.0 Alaska
66%
3.0 Hawaii
58%
No matching quizzes found
Score Distribution
Percent of People with Each Score
Percentile by Number Answered
Your Score History
You have not taken this quiz